000
00224 a2200097 4500
001
6424
100
_a
kondratyev, V
245
_a
Structure of Atoms and Molecules, The
260
_a
_b
Mir Publishers
_c
090
_c
5284
_d
5284
942
_a
NUST-CAE
_c
M
_c
31694
999
_c
241497
_d
241497